Statystyki dla Co jadalnego można zrobić z ziemniaków?

Kliknij tutaj aby rozwiązać quiz!

Ogólne statystyki

  • Ten quiz został rozwiązany 22 razy
  • Średni wynik to 4 z 14

Statystyki odpowiedzi

HintOdpowiedź% Poprawnych
6.frytki
94%
3.chipsy
56%
1.placki ziemniaczane
50%
12.puree
44%
11.kluski śląskie
33%
7.kopytka
28%
5.wódka
22%
13.knedle
17%
9.zapiekanki
17%
2.pyzy
11%
10.krokiety
6%
14.zupa
6%
8.kartacze
0%
4.mąka
0%

Rozkład punktacji

Percentyl według liczby udzielonych odpowiedzi

Procent ludzi z każdym wynikiem

Twoja historia wyników

Nie rozwiązałeś tego quizu